000 00559nam a2200181Ia 4500
008 151018s9999 xx 000 0 und d
082 _bRBASDV35510
_a891.433
100 _aनरेंद्र कोहली
245 _aअभिज्ञान
250 _b1
260 _bराजपाल अंड सन्स
_c2002
300 _a31
600 _aनरेंद्र कोहली
630 _aअभिज्ञान
700 _aनरेंद्र कोहली
730 _aअभिज्ञान
942 _cBOOK
999 _c1034985
_d1034982